000 00588nam a22002297a 4500
003 UA-OsUOA
001 120965
007 ta
008 20170227b un ||||| |||| 00| 0 ukr d
100 _aАйні Садріддін
090 _a821.222.8
_bА37
942 _cBK
040 _aUA-OsUOA
_bukr
_cUA-OsUOA
_dUA-OsUOA
245 _aСмерть лихваря
300 _a270 С.
955 _a3
041 _aukr
080 _a821.222.8
260 _aК.
_bДніпро
_c1978
650 7 _a82 Література. Літературознавство
_2UDC
999 _c407077
_d407077